| 000 | 05157 a2200421 4500 | ||
|---|---|---|---|
| 008 | 090325t xxu||||| |||| 00| 0 hin d | ||
| 010 | _aB-295485-502 | ||
| 020 |
_a9780143101871 _c125.00 |
||
| 035 | _aB-295485-502 | ||
| 037 | _bयू बी एच | ||
| 040 |
_adpl _bHN |
||
| 082 | _aउ | ||
| 100 | _aमीरा कांत | ||
| 245 |
_aउर्फ हिटलर / _cमीरा कांत |
||
| 260 |
_aनई दिल्ली _bपेंगुइन बुक्स _c2007 |
||
| 270 |
_a11 कम्युनिटी सेंटर, पंचशील मार्ग, _bनई दिल्ली _cदिल्ली _e110017 |
||
| 300 |
_a148पृ. _c20सेमी (अजिल्द) |
||
| 942 |
_adpl _cHN _2ddc _hउ _mमीराकां |
||
| 999 |
_c12597 _d12597 |
||